It looks like you're offline.
Open Library logo
additional options menu

MARC record from Internet Archive

LEADER: 00690cam 2200229 a 4500
001 92046702
003 DLC
005 20001013110749.0
008 921230s1994 njua p 001 0 eng
010 $a 92046702
020 $a0131380427
040 $aDLC$cDLC$dDLC
050 00 $aMT7$b.O816 1994
082 00 $a781/.07/7$220
100 1 $aOttman, Robert W.
245 10 $aProgrammed rudiments of music /$cRobert W. Ottman, Frank D. Mainous.
250 $a2nd ed.
260 $aEnglewood Cliffs, N.J. :$bPrentice Hall,$cc1994.
300 $axiii, 338 p. :$bill. ;$c28 cm.
500 $aIncludes index.
650 0 $aMusic theory$vElementary works$vProgrammed instruction.
700 1 $aMainous, Frank D.